| 000 -LEADER |
| fixed length control field |
00255nam a2200097Ia 4500 |
| 008 - FIXED-LENGTH DATA ELEMENTS--GENERAL INFORMATION |
| fixed length control field |
200626s9999 xx 000 0 und d |
| 020 ## - INTERNATIONAL STANDARD BOOK NUMBER |
| International Standard Book Number |
971-23-3806-1 |
| 245 ## - TITLE STATEMENT |
| Title |
Rules of court/ |
| 260 ## - PUBLICATION, DISTRIBUTION, ETC. (IMPRINT) |
| Place of publication, distribution, etc |
Manila: |
| Name of publisher, distributor, etc |
Rex Book Store, Inc. |
| Date of publication, distribution, etc |
2003 |
| 300 ## - PHYSICAL DESCRIPTION |
| Extent |
xii, 771 pages |